000 00384nam a2200157Ia 4500
008 230711s9999||||xx |||||||||||||| ||und||
041 _aENG
082 _a720
_bYO-A
100 _aMichael Young
245 0 _aArchitectureal and building design
250 _a1st Ed.
260 _c1986
_aNew Delhi
_bButterworth-Heinemann Ltd
300 _a180
650 _aArchitecture
942 _cBK
999 _c1825
_d1825